[Event "Gashimov Memorial 2nd"]
[Site "Shamkir"]
[Date "2015.04.17"]
[Round "1"]
[White "So, Wesley"]
[Black "Giri, Anish"]
[Result "1-0"]
[WhiteElo "2788"]
[BlackElo "2790"]
[Annotator "So,Wesley"]
[PlyCount "77"]
[EventDate "2015.04.17"]
[EventType "tourn"]
[EventRounds "9"]
[EventCountry "AZE"]
[EventCategory "21"]
[SourceTitle "CBM 166"]
[Source "ChessBase"]
[SourceDate "2015.05.11"]
[SourceVersion "1"]
[SourceVersionDate "2015.05.11"]
[SourceQuality "1"]

{Azerbaijan! The name is exotic and sounds like a place in a book or a movie.
The people have fierce eyes but are extremely friendly and curious about
tourists. Most of the people working with the chess event spoke perfect
English, but the village people, our drivers and bodyguards didn't. Yet these
people would talk to me in Aziri anyway and try to make themselves understood.
I would answer back in English trying to make myself understood. We would
laugh, nod and smile and everyone seemed to get a little something from the
"conversation".  Ok maybe my adjustment was helped a bit by the Filipinos (yes,
we are everywhere) who worked in the hotel. They explained a lot of things to
me, telling me that not many foreigners visit Shamkir, preferring to explore
the larger cities like Ganja and Baku, so the Shamkirites are always excited
to see tourists.   Anyway, if you make it this far, this little town is an
attractive, quiet, very clean place to base.   Yes, I was pretty excited to be
in Azerbaijan except for one dark cloud on my horizon. My first game was with
Anish Giri.   Anish Giri has always been a tough opponent for me. In previous
games when he was White he crushed me twice with 1.c4 so I figured that for
this game it was the way to go.} 1. c4 g6 {This is a favorite move by Grünfeld
players hoping for a transposition to their favorite opening after 2.d4 Nf6.}
2. e4 e5 3. d4 Nf6 4. dxe5 {The main move is 4.Nf3 but this looks very logical
as well.} Nxe4 5. Bd3 Bb4+ $6 {This is the obvious reply but it's a mistake
that led to a difficult position.} 6. Kf1 $1 {I have beaten Baadur Jobaava
before when I moved my king to f1 on the 5th move (1.d4 e6 2.c4 b6 3.e4 Bb7 4.
Bd3 Bb4+ 5.Kf1!) and I had nice memories about that game. (1-0 (37) So,W (2744)
-Jobava,B (2713) ACP Golden Classic 2014 2014)} Nc5 7. Nf3 Ne6 8. a3 $6 {
Small mistakes like this one are unavoidable but both 8.Bh6 and 8.h4 would
have been better.} Be7 ({Black would have equalized if he went} 8... Bf8 $1 {
Next comes ...Bg7 followed by ...Nc6 with pressure on the e5-pawn. I actually
saw this move when I played 8.a3 and I was waiting impatiently for Anish's
reply. I didn't have to wait long as he soon picked up his bishop and put it
on e7.}) 9. Nc3 d6 10. exd6 Bxd6 11. b4 (11. h4 {is a faster way to attack the
black king.}) 11... Bf8 {Black has to send the bishop back to g7 to fight for
the long diagonal.} (11... O-O 12. Bb2 $14) 12. Qe2 Bg7 13. Bg5 Bf6 ({After} 
13... f6 {Anish didn't like} 14. Rd1 fxg5 15. Bxg6+ hxg6 16. Rxd8+ Kxd8 {
and here he pointed out} 17. Nxg5 $1 Nxg5 18. Qd2+ Ke8 19. Qxg5 Bxc3 20. Qe3+
$16 {after which White's queen is stronger than the pieces as the Black king
is vulnerable.}) 14. Bxf6 Qxf6 15. Qd2 (15. Rc1 {is inferior.}) 15... O-O 16.
Re1 {The white rook enjoys the open file very much while its colleague will
find employment after h2-h4.} Qd8 (16... Qf4 17. Re3) 17. Rd1 {Preventing Nf4.
Anish said after the game that Black's position here is very difficult.} a5 18.
h4 axb4 19. axb4 ({Also very good is} 19. Nd5 {with the deadly idea of Qh6 +
Ng5 and mate. I saw this during the game but wasn't completely sure of the
complications. Anyway there is no need to hurry.}) 19... Nd7 20. h5 Nf6 (20...
g5 21. Bf5) 21. c5 ({White would simply have won after} 21. Qc1 {The point is
the black queen simply doesn't have a hiding place.} Qe7 (21... Bd7 22. Ne5)
22. Nd5 Nxd5 23. cxd5 Ng7 {Now White chases the queen again:} 24. Re1 Qxb4 (
24... Qd7 25. Ne5) 25. hxg6 fxg6 26. Qh6 $18 {and it's more than over.}) 21...
b6 ({Black's best chance might be} 21... Nxh5 {Now White has to sacrifice more
material} 22. Rxh5 $1 (22. Qh6 Ra1 $1 {allows Black to escape.}) 22... gxh5 23.
Qh6 f5 24. Bxf5 Qxd1+ ({He has to sacrifice the queen as} 24... Qe7 25. Nd5 {
would be very bad.}) 25. Nxd1 Rxf5 26. Ne3 Ra1+ 27. Ne1 Rf7 28. Qxh5 Ng7 29.
Qe5 {and White is much better as his queen and knight are very actively placed.
}) 22. hxg6 {Not allowing Black the opportunity to take on h5 again.} fxg6 23.
Qe3 Qe7 24. Bc4 bxc5 25. b5 (25. Ng5 $2 Ng4 {would suddenly turn the tables.})
25... Rb8 {Anish started using up a lot of his time, but there was no adequate
defence.} (25... c6 26. bxc6 Ba6 {would be more stubborn but still very hard
to defend.} 27. Nb5 $16) 26. Re1 Rb6 27. Na4 Rd6 28. Nxc5 Ng4 (28... Nd5 29.
Bxd5 Rxd5 30. Nxe6 {would leave me a piece up.}) 29. Qe4 Nxf2 30. Kxf2 Rd2+ 31.
Kg3 Rxf3+ 32. gxf3 {Anish resigned here as after} Qg5+ 33. Qg4 Qxc5 34. Bxe6+
Kg7 35. Bxc8 h5 36. Qf4 Qf2+ 37. Kh3 Qg2+ 38. Kh4 Qf2+ 39. Qg3 {The checks
quickly run out.} 1-0

[Event "Pamplona 9697 7th"]
[Site "Pamplona"]
[Date "1996.??.??"]
[Round "7"]
[White "Gomez Esteban, Juan Mario"]
[Black "Speelman, Jonathan S"]
[Result "0-1"]
[WhiteElo "2495"]
[BlackElo "2625"]
[Annotator "Speelman,J"]
[PlyCount "80"]
[EventDate "1996.12.??"]
[EventType "tourn"]
[EventRounds "9"]
[EventCountry "ESP"]
[EventCategory "13"]
[SourceTitle "CBM 057"]
[Source "ChessBase"]
[SourceDate "1997.04.01"]
[SourceVersion "1"]
[SourceVersionDate "1997.04.01"]
[SourceQuality "1"]

1. c4 b6 2. Nc3 e6 3. e4 Bb7 4. g3 $5 f5 5. Bg2 Nf6 (5... Bb4 6. Qh5+ $5 (6.
Nge2) 6... g6 7. Qh3) 6. Nge2 (6. f3 $5) 6... Nxe4 7. Nxe4 Bxe4 8. Bxe4 fxe4 9.
Nc3 $6 {xd4} (9. Qc2 d5 $13 (9... Nc6 10. Qxe4 Qf6)) 9... Qf6 $1 {playing for
the white squares} 10. Qg4 (10. Nxe4 Qf5 (10... Qg6 $5 11. Qf3 Nc6 12. O-O Be7
13. d4 Rf8 14. Qg2 Nxd4 15. Nd6+ Bxd6 16. Qxa8+ Ke7 $1)) 10... Nc6 11. O-O $1 (
11. Qxe4 Bc5) 11... Be7 (11... Qf5 12. Qxe4 g6 (12... Qxe4 13. Nxe4 g6)) (11...
Bc5 $5 12. Nxe4 Qf7 13. Nxc5 bxc5 14. b3 (14. f4) 14... Ne5 15. Qe4 Nf3+ 16.
Kg2 O-O) 12. Qxe4 O-O 13. d3 Bb4 14. Ne2 (14. Bd2 {so that if} Nd4 15. Nd5 $1
Qf3 16. Qxd4 Bc5 17. Ne7+ Kh8 18. Ng6+ $1 hxg6 19. Qh4+ Kg8 20. d4 Bd6) 14...
Bc5 15. Kg2 Rad8 16. Nf4 Rfe8 $1 17. Rb1 (17. Nh5 Qf7 18. Qf3) 17... d5 18. Qe2
dxc4 (18... Nd4 19. Qg4) 19. dxc4 (19. Qe4 Ne5 20. dxc4 Rd4) 19... Qf5 20. Be3
Qe4+ (20... e5 21. Nd5 Nd4 22. Bxd4 exd4 23. Qf3 Qxf3+ 24. Kxf3 {and the f4
square is available for the horse}) 21. Qf3 Qxf3+ 22. Kxf3 Bxe3 $1 (22... Ne5+
23. Ke2 Bxe3 24. fxe3 Nxc4 25. Rbc1 $1 (25. Rfc1 $2 Rd2+ 26. Kf3 (26. Ke1 Rxh2
$1 $19) 26... b5 $17) 25... Rd2+ 26. Ke1 Red8 27. Rxc4 e5 28. Ne6 $1 $18) 23.
Kxe3 (23. fxe3 Rd2) 23... Ne5 24. Rfc1 (24. Rbc1 Ng4+ 25. Ke2 Nxh2 26. Rfd1 Ng4
27. c5) 24... Ng4+ 25. Ke2 Nxh2 $1 26. c5 (26. f3 $2 e5 27. Nd5 e4) 26... e5
27. Nh5 Rd4 28. cxb6 $2 (28. Rh1 Ng4 29. f3 Nf6 (29... Nh6 30. Nf6+ gxf6 31.
Rxh6) 30. Nxf6+ gxf6) 28... Red8 $1 {threatening mate in one!} 29. f3 Rd2+ 30.
Ke3 R2d3+ 31. Ke2 (31. Ke4 R8d4+ 32. Kf5 (32. Kxe5 Nxf3+ 33. Kf5 g6+ 34. Ke6
Rd6+ 35. Ke7 Re3#) 32... axb6 33. Rxc7 (33. Nxg7 Rxf3+ 34. Kxe5 c5 35. Nh5 Ng4+
36. Ke6 Re3+ 37. Kf5 Re5#) 33... g6+ 34. Kxe5 Nxf3+ 35. Kf6 Rd6+ 36. Ke7 gxh5
$19) 31... e4 {time trouble} 32. fxe4 (32. bxc7 exf3+ 33. Kf2 Ng4+ 34. Kf1 Rc8
35. Nf4 Rd2 36. Re1) (32. bxa7 exf3+ 33. Kf2 Ng4+ 34. Kg1 Rd2 35. Nf4 g5) 32...
Rd2+ 33. Ke3 (33. Ke1 Nf3+ 34. Kf1 cxb6 $17) 33... R8d3+ 34. Kf4 Rf2+ 35. Kg5 (
35. Ke5 Ng4+ 36. Ke6 Rd6+ 37. Ke7 Rf7+ 38. Ke8 Rdd7 $1) 35... h6+ 36. Kh4 Nf3+
37. Kh3 $2 (37. Kg4 Ne5+ 38. Kh3 Rdd2 39. Rh1 (39. g4 Rd3+ 40. Ng3 Ng6 41. g5
h5 42. Rh1 h4 $19) 39... g5 40. Nf6+ (40. g4 Rf3+ 41. Ng3 Ng6) (40. Nf4 Rh2+ $1
41. Rxh2 g4+ 42. Kh4 Rxh2+) 40... Rxf6 41. bxa7 $1 (41. bxc7 Rc6 42. Rbc1 $2
Rxc1 43. Rxc1 g4+ 44. Kh4 Rh2#) 41... Ra6 $19 (41... Rff2 $2 42. a8=Q+ Kg7 43.
Qc8 $1 $8 h5 (43... g4+ 44. Qxg4+ Nxg4 45. Kxg4 $16) 44. Rbf1 (44. Qxc7+ $2 Kh6
45. Qb6+ Ng6 46. Qe3 Rfe2 (46... Rde2 47. Rbf1) 47. Qxd2 Rxd2 48. g4) 44... Ng6
45. Rxf2 Rxf2 46. Qxc7+ Kh6 47. Qc1 $1) (41... g4+ $2 42. Kh4 Rff2 43. a8=Q+
Kg7 44. Rh3 $3 $8) 42. Rbd1 Rxd1 43. Rxd1 Kf7 $1 $19) 37... Rh2+ 38. Kg4 Ne5+
39. Kf4 Rxh5 40. Rf1 Rg5 0-1

[Event "Goodricke op 07th"]
[Site "Kolkata"]
[Date "1996.??.??"]
[Round "11"]
[White "Rahman, Ziaur"]
[Black "Speelman, Jonathan S"]
[Result "0-1"]
[WhiteElo "2455"]
[BlackElo "2625"]
[Annotator "Speelman,J"]
[PlyCount "94"]
[EventDate "1996.02.??"]
[EventType "swiss"]
[EventRounds "11"]
[EventCountry "IND"]
[SourceTitle "CBM 050 Extra"]
[Source "ChessBase"]
[SourceDate "1996.03.01"]
[SourceVersion "1"]
[SourceVersionDate "1996.03.01"]
[SourceQuality "1"]

1. c4 b6 2. Nc3 e6 3. Nf3 Bb7 4. e4 Bb4 5. Bd3 Ne7 6. O-O O-O 7. Bc2 f5 8. d4 (
8. Re1) 8... Bxc3 9. bxc3 Bxe4 10. Bxe4 fxe4 11. Ng5 Qe8 12. Nxe4 (12. Ba3 $5)
12... Qg6 13. Ng3 (13. Ng5 $5) 13... Nbc6 14. Ba3 Rae8 $6 (14... d6 $1) 15. Qe2
(15. Bxe7 $5) 15... d6 16. f4 $1 $8 Nf5 (16... Qh6 $2 17. Rae1 $1 Rxf4 18. Rxf4
Qxf4 19. Qxe6+ Qf7 20. Qd7 Rf8 21. Ne4 $1 $16 {eg:} (21. Rf1 Qxc4 22. Qxc7 Qxc3
) 21... Na5 22. Qxc7 Nxc4 23. Bxd6 Nxd6 24. Qxd6 Nd5 25. Qg3 Re8 26. c4 Nf4 27.
Nf6+ $1) 17. Ne4 Nd8 $1 (17... Na5 $2 18. c5 bxc5 {xNa5}) 18. c5 $2 (18. Rad1
Nf7 (18... c5 19. Rd3 h5 $5 20. Rh3 h4 21. g4 hxg3 22. hxg3 Nf7 23. g4 N7h6 24.
Ng5 e5 25. gxf5 Rxf5 26. Qh5 Qxh5 27. Rxh5 exf4 28. Bc1 Nf7 29. Bxf4 g6 30.
Nxf7 Rxh5 31. Nxd6 Re2 32. d5 $13) 19. Rd3 c5 20. g4 $13) 18... bxc5 19. dxc5
d5 20. Nd2 (20. Nf2 Nc6 21. Nd3 d4) 20... Nc6 21. Nf3 d4 $1 22. Rac1 (22. Qe4
$2 Ne3 $1 $19) (22. Qb5 e5) 22... Ne3 23. Nxd4 $8 (23. Rf2 Nd5 24. Nxd4 Nxd4
25. cxd4 Nxf4 26. Qe3 Nd5 27. Rxf8+ Rxf8 28. Qd2 Nf4 29. Rc3 e5 {Fritz} 30.
dxe5 Qa6 $17 {Fritz}) 23... Nxd4 24. Qxe3 (24. cxd4 Nxf1 25. Rxf1 c6 (25... Qf5
26. c6 Rf7 27. Bc5) 26. Qf3 e5 (26... Rc8 $17) 27. Qb3+ Qf7 28. dxe5) 24... Nc2
25. Qf3 (25. Qe2 Nxa3 26. Qa6 e5) 25... Nxa3 26. c4 e5 27. Qxa3 exf4 28. Qf3
Re5 29. c6 $5 Rc5 30. Rce1 Qxc6 (30... Rxc4 $2 31. Qd5+ Qf7 32. Qd7 $44 (32.
Re6 Rc2 $13 {but not} 33. Rxf4 $2 Rc1+) 32... Qxd7 $5 33. cxd7 Kf7 34. Rc1 $14)
31. Qxc6 Rxc6 32. Re4 Ra6 (32... g5 33. h4 $1 Rh6) 33. Rf2 $6 (33. Rexf4 $1
Rxf4 34. Rxf4 Ra4 (34... Rxa2 35. Rd4 $1 $10) 35. Rd4 h6 (35... c5 36. Rd8+ Kf7
37. Rc8 Rxc4 38. Rc7+ Kf6 39. Rxa7 Rc2 $10) 36. Rd5 $1 {Fritz of course}) 33...
h6 $1 34. h4 $6 {xh4} Ra4 $17 35. Kh2 Rf7 36. Rd4 Rf6 37. Rfd2 $6 (37. Kh3 Ra3+
38. Kh2 f3 39. g4 Rc3) 37... f3 $6 (37... Kh7 38. c5) 38. gxf3 $2 (38. Rf2 {
looks like the very best tho' White can fight hard.} fxg2 (38... c5 39. Re4) (
38... Ra3 39. g4) (38... Rc6 39. Rxf3 Rcxc4 40. Rxc4 Rxc4 41. Ra3 $5 Rxh4+ 42.
Kg3 Rc4 43. Rxa7 Kf7 44. a4 Kf6 45. a5 Kg5 46. a6 $10) (38... Rd6 $1 39. Rxd6
cxd6 40. Rxf3 Rxc4 (40... Rxa2 41. Rd3 Ra6 $19 42. Rg3) 41. Ra3 Rc7 42. Ra6 Rd7
43. Kg3 Kf7 44. Kf4 Ke6 45. Ke4 $17) 39. Rxf6 gxf6 40. Rd7 (40. Kxg2 Kf7 41.
Rd7+ Kg6 42. Rxc7 Kf5 43. c5 Rxa2+ $17) 40... Rxc4 41. Kxg2 (41. h5 Rh4+ 42.
Kxg2 Rxh5 43. Rxc7 Ra5 44. Kg3 Rxa2 45. Kg4 Ra5 46. Kf4) 41... Rxh4 42. Rxc7
Ra4) 38... Rxf3 $19 39. Kg2 $2 (39. Rg2 Rf7 $19) (39. c5 Rf4 40. Rxf4 Rxf4 41.
Kg3 Rc4 42. Rd8+ Kh7 43. Ra8 Rxc5 44. Rxa7 Rc3+ 45. Kg2 Kg6 46. Ra5 c5 47. Ra7
{looks winning fairly easily.}) 39... Rc3 40. Rb2 Rcxc4 41. Rd7 Rxh4 42. Rxc7
Ra3 $1 43. Kg1 Rg4+ 44. Kf1 Kh7 45. Re2 $6 (45. Rh2 $19) 45... Rf3+ 46. Ke1
Rg1+ 47. Kd2 Ra3 (47... Ra3 48. Rc2 Ra1) 0-1

[Event "Belgrade GMA op"]
[Site "Belgrade"]
[Date "1988.??.??"]
[Round "?"]
[White "Gurevich, Mikhail"]
[Black "Bareev, Evgeny"]
[Result "1-0"]
[WhiteElo "2630"]
[BlackElo "2560"]
[Annotator "Stohl,I"]
[PlyCount "117"]
[EventDate "1988.12.??"]
[EventType "swiss"]
[EventRounds "9"]
[EventCountry "YUG"]
[SourceTitle "TD"]
[Source "ChessBase"]
[SourceDate "1994.03.01"]
[SourceVersion "1"]
[SourceVersionDate "1994.03.01"]
[SourceQuality "1"]

1. c4 e6 2. Nf3 d5 3. g3 c6 4. b3 $5 f5 5. Bb2 (5. Ba3 Bxa3 6. Nxa3 e5 $1 $13 {
/\} 7. Nxe5 $2 Qe7) 5... Nf6 6. Bg2 Bd6 7. O-O O-O 8. Qc2 Qe7 (8... Nbd7 $6 9.
cxd5 cxd5 10. Rc1 {|^<->c}) 9. Nc3 a6 {/\e5} (9... b6 10. d3 $5 $14 {/\e4}) (
9... e5 10. cxd5 Nxd5 (10... cxd5 $2 11. Nb5) 11. e4 $14) 10. d4 $1 Nbd7 11. e3
(11. cxd5 exd5 $1 12. Qxf5 Ne4 $36) 11... b6 12. Nd2 (12. cxd5 cxd5 {/\R fc8=})
12... Bb7 13. Rad1 $14 Rab8 (13... Rac8 $5) 14. Qd3 Rbd8 15. Qc2 Ba8 (15... Ne4
$5) 16. Na4 $1 {/\Nb6׫} Rb8 17. Rc1 c5 $8 18. dxc5 bxc5 19. Qd3 $36 Rfd8 (
19... Ne4 20. cxd5 exd5 21. Nxe4 fxe4 22. Qxa6 $16) 20. cxd5 Nxd5 $8 21. Nc4 (
21. Qxa6 $6 Nb4 $10) 21... Bc7 22. Qe2 {/\e4} Nb4 23. Bxa8 Rxa8 24. Bc3 $16 e5
25. e4 $1 fxe4 (25... f4 26. gxf4 exf4 27. f3 {-><->g}) 26. Bxb4 cxb4 27. Ne3
Bd6 (27... Nf6 $2 28. Qc4+) 28. Qc4+ Qf7 29. Qxe4 Nf6 30. Qf3 (30. Qc6 $142 $16
) 30... e4 31. Qf5 g6 $132 32. Qh3 Bf8 33. Rfd1 h5 $1 {/\Bh6} 34. Qf1 Bh6 35.
Nb6 Rxd1 36. Rxd1 Rf8 37. Nbc4 Qe7 38. Rd4 Bg7 (38... Rd8 39. Qd1 $36) 39. Qd1
Nh7 $5 {/\Ng5} 40. Rd7 Qf6 41. Qe2 Ng5 42. Rd6 Qf3 (42... Nh3+ 43. Kg2 Qxf2+
44. Qxf2 Nxf2 45. Rxg6 Nd3 46. Nd6 $16) (42... Qf7 $5) 43. Qxf3 Nxf3+ $8 44.
Kg2 (44. Kf1 $5 Nxh2+ 45. Ke2 $16) 44... Ne1+ 45. Kf1 Nd3 46. f4 $1 $16 Rf6 47.
Rd5 (47. Rxf6 $6 Bxf6 48. Nd6 Nc1 $132) 47... Rc6 48. Rd7 Nc1 49. Nd5 Re6 50.
Nc7 Rc6 51. Ne5 $1 Rb6 (51... Bxe5 52. fxe5 $18 {/\e6-e7}) 52. Nd5 Re6 53. Ne7+
Kh7 54. Nf7 $1 Bf6 55. Nd5 Kg8 56. Nh6+ $18 Kh8 (56... Kf8 57. Rf7+) 57. f5 Rc6
(57... gxf5 58. Nf4 {/\Ng6#}) 58. fxg6 e3 59. Rh7# 1-0

[Event "Prague Chip"]
[Site "Prague"]
[Date "1992.??.??"]
[Round "11"]
[White "Stohl, Igor"]
[Black "Keitlinghaus, Ludger"]
[Result "1-0"]
[WhiteElo "2560"]
[BlackElo "2440"]
[Annotator "Stohl,I"]
[PlyCount "61"]
[EventDate "1992.01.??"]
[EventType "tourn"]
[EventRounds "13"]
[EventCountry "CZE"]
[EventCategory "11"]
[SourceTitle "CBM 027"]
[Source "ChessBase"]
[SourceDate "1992.04.01"]
[SourceVersion "1"]
[SourceVersionDate "1992.04.01"]
[SourceQuality "1"]

1. Nf3 {Ribli} f5 2. c4 (2. g3 Nf6 3. Bg2 e6 4. O-O Be7 5. b3 O-O 6. Bb2 a5 7.
c4 Nc6 8. Nc3 d5 9. e3 Bd7 10. Rc1 h6 11. d3 Be8 12. a3 Bh5 13. Ne2 g5 $6 14.
Qc2 Qd7 15. Qc3 $16 {Razuvaev,Y-Keitlinghaus,L,Prague Chip 1992-CBM 27}) 2...
Nf6 3. g3 e6 4. Bg2 Be7 (4... d5 5. O-O Bd6 6. Nc3 O-O 7. d3 c6 8. e4 $1 $16)
5. O-O O-O 6. Nc3 (6. b3 $14) 6... d5 (6... d6 7. d4 {-A96}) 7. d3 Kh8 $5 {N} (
7... Nc6 8. cxd5 exd5 (8... Nxd5 9. Bd2 $16) 9. Bg5 h6 (9... Kh8 $5) 10. Bxf6
Bxf6 11. Qb3 Ne7 12. e4 Bxc3 13. bxc3 Kh7 14. exd5 Nxd5 15. d4 Be6 16. c4 $16 {
Hertneck,G-Keitlinghaus,L 1991,BL 9091}) (7... c6 8. e4 fxe4 9. dxe4 dxc4 10.
Qe2 b5 11. Rd1 $146) (7... d4 $5 {Ribli} 8. Nb5 Nc6 9. e3 dxe3 10. Bxe3 (10.
fxe3 $6 $13 {Steinbacher,M-Minasjan,A Groningen op 1990 CBM/22}) 10... Ng4 $13)
8. e4 d4 (8... fxe4 9. dxe4 dxc4 10. Qa4 $16 {><e6,>>}) (8... dxe4 {Ribli} 9.
dxe4 Nxe4 10. Nxe4 fxe4 11. Qxd8 Rxd8 12. Ng5 $16) 9. Ne2 (9. Nb5 fxe4 10. dxe4
c5 11. Bf4 Nc6 $13) 9... fxe4 $6 (9... Nc6 10. Bf4 $5 (10. exf5 e5 $5 $13 {פe2
}) 10... Nh5 11. exf5 $14) 10. dxe4 c5 $8 (10... Nxe4 11. Nfxd4 $16) 11. e5 Ne8
(11... Nfd7 12. Nf4 Nb6 13. b3 $16) 12. Nf4 $16 {->>>} Nc6 13. h4 Nc7 14. Qe2 (
14. Ng5 $6 Bxg5 (14... Nxe5 $2 15. Nxh7 $1 $16) 15. hxg5 Nxe5 16. Qh5 g6 17.
Qh6 Kg8 {/\Nf7}) 14... Bd7 15. Ng5 $1 {/\Qh5;Bc6,Ne4,Nd3><c5} Bxg5 $8 16. hxg5
Qe8 $2 (16... g6 $8 17. Be4 Qe8 $16) (16... Qxg5 $2 17. Nxe6 $18) 17. g6 h6 $8
(17... hxg6 $2 18. Be4 Nxe5 19. Nxg6+ $1 Nxg6 20. Qh5+ $18) 18. Nd3 $1 (18. Qh5
$2 Rf5) (18. Be4 Nxe5 $5 19. Bxb7 Rb8 20. Qxe5 Rxb7 21. Qxc5 e5 $132) 18... b6
(18... Qxg6 19. Nxc5 Bc8 20. Be4 $16 {->}) 19. Be4 Ne7 $1 {/\Ng6,Bc6<=>} 20.
Qh5 (20. Bxa8 Qxa8 $146) 20... Ng8 $8 (20... Kg8 21. Bxh6 gxh6 22. Qxh6 $18)
21. Qh1 $3 $18 {/\g4-g5->} (21. g4 $2 Bc6 22. Bxc6 Qxc6 23. g5 Qf3 $17) 21...
Rd8 (21... Rc8 22. g4 Na6 23. g5 Bc6 24. gxh6 gxh6 (24... Bxe4 25. hxg7+ Kxg7
26. Qh7#) 25. Bxh6 Bxe4 26. Bg7+ $1 $18) 22. g4 Na6 23. g5 Rf5 (23... Qe7 24.
gxh6 gxh6 25. Bxh6 Nxh6 26. Qxh6+ Kg8 27. Kg2 Qg7 28. Qg5 $18 {/\Rh1-h7}) 24.
Bxf5 exf5 25. Qh5 Qf8 (25... Ne7 26. Nf4 Ng8 27. Nd5 $18) 26. gxh6 gxh6 (26...
Nxh6 27. Bxh6 gxh6 28. Nf4 $18) 27. Bg5 Re8 28. Bf6+ Nxf6 29. exf6 Qxf6 30.
Qxh6+ Kg8 31. Rfe1 (31. Qh7+ Kf8 32. Qxd7 $4 Qg5+ $10) 1-0

[Event "Rimavska Sobota"]
[Site "Rimavska Sobota"]
[Date "1991.??.??"]
[Round "5"]
[White "Gross, Stefan"]
[Black "Stohl, Igor"]
[Result "0-1"]
[WhiteElo "2435"]
[BlackElo "2550"]
[Annotator "Stohl,I"]
[PlyCount "104"]
[EventDate "1991.05.??"]
[EventType "tourn"]
[EventRounds "13"]
[EventCountry "CSR"]
[EventCategory "9"]
[SourceTitle "CBM 024"]
[Source "ChessBase"]
[SourceDate "1991.10.01"]
[SourceVersion "1"]
[SourceVersionDate "1991.10.01"]
[SourceQuality "1"]

1. c4 {Ribli} g6 2. e4 e5 3. Nf3 (3. d4 Nf6 (3... exd4 4. Qxd4 f6 $5 {/\Nc6,
Bg7,Bge7,f5}) 4. Nf3 $1 $14 (4. dxe5 Nxe4 $13)) (3. d4 $5 {Ribli}) 3... Bg7 4.
d4 exd4 5. Nxd4 Nf6 6. Nc3 (6. e5 $6 Ne4 $15) (6. Bd3 $5) 6... O-O 7. Be2 (7.
Bd3 d5 8. cxd5 c6 $10) (7. Be3 $13) 7... Re8 8. f3 c6 9. Nc2 (9. Bg5 $6 h6 10.
Bh4 d5 $36) (9. Nb3 $5) 9... d5 (9... Qb6 $2 10. Be3 Qxb2 11. Bd4 {/\Na4+-})
10. cxd5 cxd5 11. Bg5 $1 {N} (11. exd5 $2 Qb6 $17 {->}) (11. Nxd5 Nxd5 12. Qxd5
Qc7 $5 (12... Qxd5 13. exd5 Na6 $146) (12... Qh4+ 13. g3 Qf6 $146) 13. Qc4 Nc6
14. O-O Be6 15. Qa4 a6 $36 {><a4}) 11... h6 $5 (11... dxe4 12. Qxd8 Rxd8 13.
Nxe4 Nbd7 14. O-O-O Rf8 15. Nd6 $14 {^^}) 12. Bxf6 Qxf6 (12... Bxf6 13. Qxd5
Qc7 (13... Qb6 14. Qb5) 14. Qc4 $14 {/\Nd5}) 13. Qxd5 (13. exd5 Qb6 $17) (13.
Nxd5 Qxb2 14. O-O (14. Nc7 $2 Qc3+) (14. Rb1 Qxa2 15. Nc7 $2 Qa5+) 14... Nc6
15. Rb1 Qxa2 16. Nc7 Rd8 $17) 13... Be6 14. Qb5 $8 (14. Qxb7 $2 Nd7 $19 {/\Rab8
}) 14... Nc6 (14... Nd7 $5 15. O-O a6 16. Qd3 Ne5 $146) 15. O-O (15. Rd1 $142
$5 Qe7 (15... Qh4+ 16. g3 Bxc3+ 17. bxc3 Qf6 18. Nd4 $14) (15... a6 16. Qb6 $14
) 16. O-O Qc7 $146 {/\a6,Be5}) 15... Nd4 $1 16. Nxd4 Qxd4+ 17. Kh1 a6 18. Qd3
$6 (18. Qxb7 Rab8 19. Qxa6 Rxb2 20. Rac1 Qe3 (20... Qb4 21. a3) 21. Qd3 $1 Qxd3
22. Bxd3 Rc8 23. Nd5 $10) 18... Qxd3 (18... Qb4 $5 $146) 19. Bxd3 Rac8 (19...
b5 $5 20. f4 {/\e5} b4 (20... Red8 21. Rf3 $5 $10) 21. Nd5 Bxd5 22. exd5 Bxb2
23. Rad1 $10) 20. Rac1 $2 (20. Nd5 $8 Bxd5 (20... Bxb2 21. Rab1 $10) 21. exd5
Re3 (21... Red8 22. Rad1 Bxb2 23. Rb1 Rxd5 24. Bxa6 $10) 22. Rad1 Bxb2 23. d6
$10 {<=>}) (20. Rfc1 {Ribli} Red8 $44) 20... Bxc3 $1 (20... Red8 21. Nd5 $10) (
20... b5 $5 21. Nd5 Rxc1 22. Rxc1 Bxb2 23. Rc2 Be5 $15 {^^}) 21. bxc3 Bxa2 22.
Rf2 (22. c4 $2 Red8 23. Rc3 (23. Rfd1 Bb3 $19) 23... b5 $19) 22... Be6 23. Rfc2
Rc5 (23... b5 $5 {/\Red8,Rc5} 24. c4 b4 $17) 24. c4 $8 Rd8 25. Bf1 (25. Be2
$142 f5 $17) 25... Rdc8 $138 26. Bd3 Rd8 27. Bf1 b5 $1 28. cxb5 Rxc2 29. Rxc2
Rd1 $2 (29... axb5 $1 30. Kg1 b4 31. Rb2 b3 32. Kf2 Ra8 33. Ke3 Ra2 34. Rb1 Rc2
$19 {b2,Ba2}) 30. Kg1 axb5 31. Kf2 b4 32. Rb2 (32. Rc7 b3 33. Rb7 Rd2+ 34. Ke3
Rc2 $17) 32... b3 33. Be2 Ra1 (33... Rh1 34. f4 $1 Rxh2 35. Bd1 $10) 34. Ke3
Ra2 35. Rb1 g5 36. g3 Kf8 37. f4 f6 38. h4 $2 $138 (38. Bd1 $1 {/\Kd4} gxf4+
39. Kxf4 (39. gxf4 $2 Rxh2 $17) 39... Rf2+ (39... b2 40. Bc2 $10) 40. Ke3 Rf1
41. Bc2 $10) 38... gxh4 39. gxh4 Ke7 40. Bd1 Rh2 41. Kd4 Rh1 $1 (41... Rxh4 42.
Bxb3 Bxb3 43. Rxb3 Rxf4 44. Rh3 $10) 42. f5 $2 (42. Bc2 $8 Rh3 43. Bd1 Kd7 {
/\Kc6-b5-b4} 44. Ra1 $5 (44. e5 f5 $17) 44... Rh1 45. Ra7+ Kc8 46. Bxb3 $1 Bxb3
47. Ra6 $17 {<=>}) (42. h5 $2 Bf7 $19) 42... Bf7 43. Bc2 (43. Kc5 Bh5 $1 44.
Bc2 bxc2 45. Rxh1 Bd1 $19) 43... Rxb1 $1 (43... Rh3 44. Bd3 $5 $17) 44. Bxb1
Kd6 45. Bd3 Bh5 $19 46. Kc3 (46. Bc4 Bd1 $1 47. Bd3 Bc2 $19) 46... Ke5 (46...
Bd1 $6 47. Kd2 Bf3 48. Ke3 Bg2 49. Kd4) 47. Kxb3 Bf3 48. Kc3 Bxe4 49. Bb5 Bxf5
50. Kd2 Kf4 51. Ke1 Kg3 52. Bc6 Bd3 {[Stohl,I]} (52... Bh3 $1 $19) 0-1